000 01072nmm a2200325 a 4500
001 ocm0001864964
003 TR-IsHL
005 20201028172755.0
008 180520s2017 tu tur
007 cr cn
020 _a9786059118613
035 _a1864964
_b(N$T)
050 0 4 _aQA76.76.A65
_bC36 2017 2017
090 0 4 _aQA76.76.A65
_bC36 2017 2017
100 1 _aCanker, Mehmet
245 1 0 _aNode.js
_h[electronic resource] /
_cMehmet Canker
250 _aİkinci baskı
260 _aİstanbul :
_bKodlab,
_c2017
300 _a265 p.
650 4 _aBilgisayar
650 4 _aComputer Sciences
650 0 _aUygulama yazılımı
_x Geliştirme
650 0 _aApplication software
_x Development
650 0 _aJavaScript (Bilgisayar program dili)
650 0 _aJavaScript (Computer program language)
650 0 _aİnternet programlama
650 0 _aInternet programming
650 7 _aCOMPUTERS / Programming Languages / JavaScript
_2bisacsh
856 4 0 _uhttp://search.ebscohost.com/login.aspx?direct=true&scope=site&db=e011xww&AN=1864964
999 _c17367
_d17367